[Event "Oberliga Nord N 0910"]
[Site "Germany"]
[Date "2009.10.18"]
[Round "1.7"]
[White "Van Riesen, Klaus"]
[Black "Bendfeldt, Tim"]
[Result "1-0"]
[WhiteElo "2060"]
[BlackElo "2432"]
[PlyCount "79"]
[EventDate "2009.10.18"]
[EventType "team-tourn"]
[EventRounds "9"]
[EventCountry "GER"]
[SourceTitle "EXT 2011"]
[Source "ChessBase"]
[SourceDate "2010.11.26"]
[SourceVersion "1"]
[SourceVersionDate "2010.11.26"]
[SourceQuality "1"]
[WhiteTeam "Pinneberg"]
[BlackTeam "Kiel Meerbauer"]
[WhiteTeamCountry "GER"]
[BlackTeamCountry "GER"]

1. d4 d5 2. c4 c6 3. Nf3 Nf6 4. e3 e6 5. b3 Bd6 6. Bd3 Nbd7 7. Bb2 Qe7 8. Ne5 0-0 9. 0-0 Ne8 10. Qc2 g6 11. Nd2 f6 12. Nxd7 Bxd7 13. e4 Rc8 14. Rfe1 Qg7 15. c5 dxe4 16. Nxe4 Be7 17. Bc4 b5 18. Bf1 Nc7 19. a4 b4 20. a5 Nd5 21. Bc4 Rfd8 22. Ng3 f5 23. Bxd5 exd5 24. Qd2 Rb8 25. Ra4 Rb5 26. Rxb4 Rxa5 27. Rb7 Ra2 28. b4 Qf6 29. Ra1 Rxa1+ 30. Bxa1 f4 31. Nf1 f3 32. Qe3 fxg2 33. Ng3 h5 34. Kxg2 h4 35. Ne2 h3+ 36. Kf1 g5 37. Ng3 Be6 38. Bc3 Rf8 39. Be1 Rf7 40. Rxa7 1-0

[Event "Berlin Lichtenberger op 8th"]
[Site "Berlin"]
[Date "2009.08.19"]
[Round "5"]
[White "Cerdan Herraez, Manuel Vicente"]
[Black "Bendfeldt, Tim"]
[Result "0-1"]
[WhiteElo "1900"]
[BlackElo "2064"]
[PlyCount "69"]
[EventDate "2009.08.15"]
[EventType "swiss"]
[EventRounds "9"]
[EventCountry "GER"]
[SourceTitle "CBM 131 Extra"]
[Source "ChessBase"]
[SourceDate "2009.09.03"]
[SourceVersion "2"]
[SourceVersionDate "2009.09.16"]
[SourceQuality "1"]

1. e4 e6 2. d4 d5 3. exd5 exd5 4. Nc3 c6 5. Nf3 Bd6 6. Bd3 Bg4 7. h3 Bh5 8. g4 Bg6 9. Bxg6 hxg6 10. Bg5 f6 11. Be3 Nd7 12. Qd3 Ne7 13. 0-0-0 Qa5 14. Kb1 0-0-0 15. Bd2 Rde8 16. Ne2 Qc7 17. c4 dxc4 18. Qxc4 Nd5 19. Nc3 N7b6 20. Qd3 Qf7 21. a3 Kb8 22. h4 Bf4 23. Ne4 Rd8 24. Be3 Rhe8 25. Rhe1 Qe6 26. Bxf4+ Nxf4 27. Nc5 Qxe1 28. Nxe1 Nxd3 29. Nexd3 Rxd4 30. f3 Nc4 31. a4 b6 32. Nb3 Rdd8 33. Nbc1 Ne5 34. g5 Nxd3 35. Kc2 0-1

[Event "Schleswig Holstein-ch VM 64th"]
[Site "Altenholz"]
[Date "2009.04.10"]
[Round "9"]
[White "Haffner, Alexander"]
[Black "Bendfeldt, Tim"]
[Result "1/2-1/2"]
[WhiteElo "2176"]
[BlackElo "2062"]
[PlyCount "62"]
[EventDate "2009.04.04"]
[EventType "swiss"]
[EventRounds "9"]
[EventCountry "GER"]
[SourceTitle "CBM 129 Extra"]
[Source "ChessBase"]
[SourceDate "2009.05.05"]
[SourceVersion "2"]
[SourceVersionDate "2009.05.20"]
[SourceQuality "1"]

1. c4 c6 2. Nf3 Nf6 3. e3 d5 4. d4 Bf5 5. Qb3 Qb6 6. Qxb6 axb6 7. Nc3 e6 8. Be2 h6 9. 0-0 Nbd7 10. Bd2 Bd6 11. cxd5 exd5 12. a3 0-0 13. Rac1 Ra7 14. Rfd1 Rfa8 15. Be1 b5 16. Na2 Nb6 17. Bb4 Bxb4 18. Nxb4 Nc4 19. Bxc4 bxc4 20. Ne5 Ne8 21. h3 f6 22. Nf3 Nd6 23. Nd2 Nb5 24. Na2 Kf7 25. Nb1 h5 26. f3 Re8 27. Kf2 Raa8 28. Nbc3 Nd6 29. Nb4 Bd7 30. Re1 f5 31. Re2 g5 1/2-1/2

[Event "Schleswig Holstein-ch VM 64th"]
[Site "Altenholz"]
[Date "2009.04.08"]
[Round "7"]
[White "Bendfeldt, Tim"]
[Black "Svane, Rasmus"]
[Result "1/2-1/2"]
[WhiteElo "2062"]
[BlackElo "2034"]
[PlyCount "76"]
[EventDate "2009.04.04"]
[EventType "swiss"]
[EventRounds "9"]
[EventCountry "GER"]
[SourceTitle "CBM 129 Extra"]
[Source "ChessBase"]
[SourceDate "2009.05.05"]
[SourceVersion "2"]
[SourceVersionDate "2009.05.20"]
[SourceQuality "1"]

1. d4 Nf6 2. c4 e6 3. Nf3 c5 4. d5 b5 5. a4 bxc4 6. Nc3 Nxd5 7. Nxd5 exd5 8. Qxd5 Nc6 9. Ne5 Qf6 10. Nxc6 dxc6 11. Qe4+ Be7 12. Bd2 Bf5 13. Qf3 0-0 14. Bc3 Qe6 15. e3 Bd3 16. Bxd3 cxd3 17. 0-0 Rfd8 18. Rfd1 Rab8 19. Rxd3 Rxd3 20. Qg3 Bf8 21. Qxb8 Qd7 22. Qb3 Qd5 23. Qxd5 cxd5 24. Kf1 c4 25. Ke2 Bc5 26. Rd1 Rxd1 27. Kxd1 f5 28. Bd4 Bxd4 29. exd4 a5 30. Ke2 Kf7 31. Ke3 Kf6 32. h3 Kg5 33. g3 f4+ 34. Kf3 fxg3 35. fxg3 h5 36. g4 hxg4+ 37. hxg4 Kf6 38. Kf4 g5+ 1/2-1/2

[Event "Schleswig Holstein-ch VM 64th"]
[Site "Altenholz"]
[Date "2009.04.08"]
[Round "6"]
[White "Rabe, Klaus"]
[Black "Bendfeldt, Tim"]
[Result "1/2-1/2"]
[WhiteElo "2060"]
[BlackElo "2062"]
[PlyCount "74"]
[EventDate "2009.04.04"]
[EventType "swiss"]
[EventRounds "9"]
[EventCountry "GER"]
[SourceTitle "CBM 129 Extra"]
[Source "ChessBase"]
[SourceDate "2009.05.05"]
[SourceVersion "2"]
[SourceVersionDate "2009.05.20"]
[SourceQuality "1"]

1. Nf3 Nf6 2. d4 e6 3. c4 b6 4. g3 Bb7 5. Bg2 Bb4+ 6. Bd2 a5 7. 0-0 0-0 8. Nc3 d6 9. Qc2 Nbd7 10. Rad1 Rc8 11. a3 Bxc3 12. Bxc3 Qe7 13. b4 axb4 14. axb4 c5 15. dxc5 dxc5 16. b5 Rfd8 17. Ne5 Nxe5 18. Bxb7 Qxb7 19. Bxe5 Ne8 20. f3 f6 21. Bb2 e5 22. Rd3 Qe7 23. Rfd1 Nc7 24. Qd2 Ne6 25. Rd7 Kf8 26. Kf2 Rxd7 27. Qxd7 Rd8 28. Qxe7+ Kxe7 29. Rxd8 Kxd8 30. e3 Ke7 31. f4 e4 32. Ke2 Nc7 33. g4 Ne8 34. Kd2 Nd6 35. Kc3 Kf7 36. Bc1 h6 37. Bd2 Ke6 1/2-1/2

[Event "Kiel op-A 19th"]
[Site "Kiel"]
[Date "2006.07.23"]
[Round "3"]
[White "Janitzek, Nils"]
[Black "Bendfeldt, Tim"]
[Result "1/2-1/2"]
[WhiteElo "1892"]
[BlackElo "2075"]
[PlyCount "28"]
[EventDate "2006.07.22"]
[EventType "swiss"]
[EventRounds "9"]
[EventCountry "GER"]
[SourceTitle "CBM 113 Extra"]
[Source "ChessBase"]
[SourceDate "2006.09.14"]
[SourceVersion "1"]
[SourceVersionDate "2006.09.14"]
[SourceQuality "1"]

1. e4 e6 2. d3 d5 3. Nd2 c5 4. g3 g6 5. Bg2 Bg7 6. Ngf3 Ne7 7. 0-0 Nbc6 8. c3 b5 9. Re1 a5 10. exd5 exd5 11. Nb3 b4 12. Nxc5 bxc3 13. d4 cxb2 14. Bxb2 0-0 1/2-1/2

[Event "Schleswig Holstein-ch Vormeister"]
[Site "Kropp"]
[Date "2006.??.??"]
[Round "8"]
[White "Bendfeldt, Tim"]
[Black "Lorenzen, Sven"]
[Result "1/2-1/2"]
[WhiteElo "2103"]
[BlackElo "1942"]
[PlyCount "65"]
[EventDate "2006.??.??"]
[EventType "swiss"]
[EventRounds "9"]
[EventCountry "GER"]
[SourceTitle "EXT 2022"]
[Source "ChessBase"]
[SourceDate "2021.10.06"]
[SourceVersion "1"]
[SourceVersionDate "2021.10.06"]
[SourceQuality "1"]

1. d4 Nf6 2. c4 d6 3. Nc3 g6 4. e4 Bg7 5. Be2 c5 6. Nf3 cxd4 7. Nxd4 0-0 8. 0-0 Nc6 9. Be3 Bd7 10. Rb1 Nxd4 11. Bxd4 Bc6 12. f3 Nh5 13. f4 Bxd4+ 14. Qxd4 Ng7 15. b4 b6 16. f5 Qd7 17. b5 Bb7 18. Rb3 e5 19. Qd2 gxf5 20. exf5 f6 21. Nd5 Bxd5 22. Qxd5+ Kh8 23. Rh3 Rae8 24. Bf3 Re7 25. Qd3 Ne8 26. Rd1 Rg7 27. a4 Qc8 28. Bc6 Rfg8 29. Kh1 Rg5 30. Rf1 Qc7 31. Re3 Rg4 32. Qe2 Qe7 33. g3 1/2-1/2

[Event "Berlin Lichtenberger Sommer 3th"]
[Site "Berlin"]
[Date "2004.08.22"]
[Round "8.33"]
[White "Bendfeldt, Tim"]
[Black "Lang, Andreas"]
[Result "1-0"]
[WhiteElo "1832"]
[BlackElo "1971"]
[PlyCount "37"]
[EventDate "2004.08.14"]
[EventType "swiss"]
[EventRounds "9"]
[EventCountry "GER"]
[SourceTitle "EXT 2022"]
[Source "ChessBase"]
[SourceDate "2021.10.06"]
[SourceVersion "1"]
[SourceVersionDate "2021.10.06"]
[SourceQuality "1"]

1. d4 Nf6 2. c4 g6 3. Nc3 Bg7 4. e4 d6 5. Nf3 0-0 6. Be2 e5 7. Be3 Ng4 8. Bg5 f6 9. Bh4 g5 10. Bg3 f5 11. exf5 Rxf5 12. h3 Rxf3 13. Bxf3 exd4 14. Bd5+ Kh8 15. hxg4 dxc3 16. Qd3 h6 17. Qg6 Bf5 18. gxf5 Qf8 19. f6 1-0

[Event "Berlin Lichtenberger Sommer 3th"]
[Site "Berlin"]
[Date "2004.08.21"]
[Round "7.31"]
[White "Skorna, Ullrich"]
[Black "Bendfeldt, Tim"]
[Result "1/2-1/2"]
[WhiteElo "2052"]
[BlackElo "1832"]
[PlyCount "96"]
[EventDate "2004.08.14"]
[EventType "swiss"]
[EventRounds "9"]
[EventCountry "GER"]
[SourceTitle "EXT 2022"]
[Source "ChessBase"]
[SourceDate "2021.10.06"]
[SourceVersion "1"]
[SourceVersionDate "2021.10.06"]
[SourceQuality "1"]

1. e4 d5 2. d4 dxe4 3. Nc3 Nf6 4. f3 exf3 5. Nxf3 Bg4 6. Bc4 e6 7. 0-0 Be7 8. Qe2 c6 9. Be3 Nbd7 10. h3 Bxf3 11. Rxf3 Qc7 12. Bd3 0-0-0 13. d5 exd5 14. Bxa7 Bc5+ 15. Bxc5 Nxc5 16. b4 Nxd3 17. Qxd3 Rhe8 18. Rb1 Re5 19. a4 Rde8 20. b5 Re1+ 21. Rxe1 Rxe1+ 22. Kf2 Re5 23. bxc6 Qxc6 24. Qd4 Re8 25. Nb5 Kd7 26. Kg1 Re4 27. Qa1 Qxc2 28. Qa3 Qb1+ 29. Rf1 Qb4 30. Qg3 Qc5+ 31. Kh2 Rxa4 32. Qxg7 Kc6 33. Rxf6+ Kxb5 34. Qxf7 b6 35. Qd7+ Ka5 36. Rd6 Rd4 37. Re6 Qb5 38. Qa7+ Qa6 39. Qxh7 Qa8 40. Re1 Qb8+ 41. Kh1 Qf4 42. Qa7+ Kb5 43. Rb1+ Rb4 44. Qd7+ Kc5 45. Qc8+ Kb5 46. Ra1 Qe4 47. Qd7+ Kc5 48. Rc1+ Rc4 1/2-1/2

[Event "Berlin Lichtenberger Sommer 3th"]
[Site "Berlin"]
[Date "2004.08.15"]
[Round "2.38"]
[White "Bendfeldt, Tim"]
[Black "Becker, Walter"]
[Result "0-1"]
[WhiteElo "1832"]
[BlackElo "2300"]
[PlyCount "50"]
[EventDate "2004.08.14"]
[EventType "swiss"]
[EventRounds "9"]
[EventCountry "GER"]
[SourceTitle "EXT 2022"]
[Source "ChessBase"]
[SourceDate "2021.10.06"]
[SourceVersion "1"]
[SourceVersionDate "2021.10.06"]
[SourceQuality "1"]

1. d4 e6 2. c4 b6 3. e4 Bb7 4. Bd3 f5 5. exf5 Bb4+ 6. Kf1 Nf6 7. Bg5 0-0 8. a3 Be7 9. Nc3 c5 10. Bxf6 Bxf6 11. dxc5 Bxc3 12. bxc3 bxc5 13. Qh5 Qf6 14. Nh3 exf5 15. Re1 g6 16. Qh6 Qxc3 17. Rd1 Nc6 18. g4 Qb3 19. Rd2 Qxa3 20. Rd1 Qb3 21. Rd2 Qc3 22. Rd1 Qg7 23. Qxg7+ Kxg7 24. gxf5 Ne5 25. fxg6 h6 0-1

[Event "Berlin Lichtenberger Sommer 3th"]
[Site "Berlin"]
[Date "2004.08.14"]
[Round "1.11"]
[White "Gruzmann, Boris"]
[Black "Bendfeldt, Tim"]
[Result "1/2-1/2"]
[WhiteElo "2229"]
[BlackElo "1832"]
[PlyCount "32"]
[EventDate "2004.08.14"]
[EventType "swiss"]
[EventRounds "9"]
[EventCountry "GER"]
[SourceTitle "EXT 2022"]
[Source "ChessBase"]
[SourceDate "2021.10.06"]
[SourceVersion "1"]
[SourceVersionDate "2021.10.06"]
[SourceQuality "1"]

1. e4 d5 2. exd5 Qxd5 3. Nc3 Qd6 4. d4 Nf6 5. Bc4 a6 6. Nge2 b5 7. Bb3 Bb7 8. 0-0 e6 9. f3 c5 10. dxc5 Qxd1 11. Nxd1 Bxc5+ 12. Be3 Nbd7 13. c3 0-0 14. a4 Nd5 15. Bxc5 Nxc5 16. Bxd5 Bxd5 1/2-1/2